Sports Quiz

Random Sports or Soccer Quiz

Premier League Shirt Sponsors (2010/11) Quiz Stats

 Plays Quiz not verified by Sporcle

Score 0/20 Timer 05:00
0 Plays Today
Club Sponsor % Correct
ArsenalEmirates
91.7%
ChelseaSamsung
81.7%
Manchester UnitedAon
73.3%
LiverpoolStandard Chartered
66.7%
EvertonChang
61.7%
Newcastle UnitedNorthern Rock
51.7%
Blackburn RoversCrown Paint
50%
Manchester CityEtihad
50%
Aston VillaFx Pro
45%
FulhamFx Pro
45%
Club Sponsor % Correct
BlackpoolWonga.com
38.3%
Stoke CityBritannia
36.7%
Bolton Wanderers188bet
33.3%
Tottenham HotspurAutonomy
33.3%
Wigan Athletic188bet
33.3%
SunderlandTombola
31.7%
West Ham UnitedSbobet.com
21.7%
Birmingham CityF&C Investments
20%
Wolverhampton WanderersSporting Bet
20%
West Bromwich AlbionHomeserve
8.3%

You're not logged in!

Compare scores with friends on all Sporcle quizzes.
OR
Log In

Show Comments

Extras

Top Quizzes Today


Score Distribution

Your Account Isn't Verified!

In order to create a playlist on Sporcle, you need to verify the email address you used during registration. Go to your Sporcle Settings to finish the process.

Report this User

Report this user for behavior that violates our Community Guidelines.

Details: